000
00266nam a22001097a 4500
008
160510b xxu||||| |||| 00| 0 eng d
020
_a
0534467776
041
_a
eng
080
_a
547
245
_a
Organic chemistry:
_c
Brent Iversonl; Sheila Iverson;
942
_2
udc
_c
BK
999
_c
1990
_d
1990